00235nam a2200097Ia 4500008004100000100002100041245002500062260003500087300000700122650000800129191201s1995 xx 000 0 und d aJOHNSON, Spencer 0aWho Moved My Cheese? aLondonbVermilion Londonc1995 a95 aBBA